000 00585nam a22002177a 4500
003 OSt
005 20160413133044.0
008 160413b xxu||||| |||| 00| 0 eng d
020 _a9780702030697
040 _cDNLM
082 _aWQ100 C611b 2009
100 _aEdited by Brian, Magowan; Philip,Owen; James Drife
_97823
245 _aClinical Obstetriecs & Gynaecology
250 _a2nd ed.
260 _aEdinburgh; Saunders, 2009
300 _axi,427p; col.ill: 27cm
504 _aIndex included
650 _aObstetrics
_95
650 _aGynaecology
_9330
942 _2z
_cO_SHELF
999 _c3500
_d3500